| 000 | 00593nam a2200169Ia 4500 | ||
|---|---|---|---|
| 003 | GCL | ||
| 008 | 140319s9999 xx 000 0 ara d | ||
| 040 |
_aGCL / _cGCL |
||
| 082 | 0 | 4 |
_a928.1 _bم ع |
| 100 | 1 | _aماهر الكيالى | |
| 245 | 1 | 0 |
_aعبدالوهاب البياتى فى مدن العشق : الليل والمقاهى والاصدقاء / _cماهر الكيالى |
| 490 |
_aالهيئة العامة للاستعلامات _v0 |
||
| 650 | 0 | 4 | _aالشعر العربى |
| 650 | 0 | 4 | _aالادب العربى |
| 650 | 0 | 4 | _aعبدالوهاب البياتى |
| 942 |
_2ddc _cBK |
||
| 999 |
_c48465 _d48465 |
||